Вторая книга всеобщих заблуждений (Запись № 3122907)

Подробности
000 -МАРКЕР
контрольное поле 01597nam0a2200361 i 4500
001 - ИДЕНТИФИКАТОР ЗАПИСИ
контрольное поле RU\NLR\bibl\1917400
005 - ИДЕНТИФИКАТОР ВЕРСИИ
контрольное поле 20260405184420.0
010 ## - МЕЖДУНАРОДНЫЙ СТАНДАРТНЫЙ НОМЕР КНИГИ (ISBN)
Номер (ISBN) 9785864716199
Тираж 5000
021 ## - НОМЕР ГОСУДАРСТВЕННОЙ РЕГИСТРАЦИИ
Код страны Российская Федерация
Номер 2012-41088
Номер Листа государственной регистраци 3036
035 ## - ДРУГИЕ СИСТЕМНЫЕ НОМЕРА
Идентификатор записи (NLR Aleph) 001906886
100 ## - ДАННЫЕ ОБЩЕЙ ОБРАБОТКИ
Данные общей обработки 20120625d2012 u y0rusy50 ca
101 1# - ЯЗЫК РЕСУРСА
Язык текста, звукозаписи и т.д. русский
Язык оригинала английский
102 ## - СТРАНА ПУБЛИКАЦИИ ИЛИ ПРОИЗВОДСТВА
Страна публикации Российская Федерация
105 ## - ПОЛЕ КОДИРОВАННЫХ ДАННЫХ: ТЕКСТОВЫЕ МАТЕРИАЛЫ, МОНОГРАФИЧЕСКИЕ
Кодированные данные о монографическом текстовом документе y |||||||||
200 1# - ЗАГЛАВИЕ И СВЕДЕНИЯ ОБ ОТВЕТСТВЕННОСТИ
Основное заглавие Вторая книга всеобщих заблуждений
Параллельное заглавие The second book of general ignorance
Первые сведения об ответственности Джон Ллойд и Джон Митчинсон
Последующие сведения об ответственности [пер. с англ. А. Рахубы]
-- QI [телепередача]
Язык параллельного заглавия английский
210 ## - ПУБЛИКАЦИЯ, РАСПРОСТРАНЕНИЕ И ДР.
Место издания, распространения и т.д. Москва
Имя издателя, распространителя и т. д. Phantom press
Дата издания, распространения и т.д. 2012
215 ## - ФИЗИЧЕСКАЯ ХАРАКТЕРИСТИКА
Специфическое обозначение материала и объем 414, [1] с.
Размеры 21
225 1# - СЕРИЯ
Основное заглавие серии Еще одна Весьма Интересная книга
225 1# - СЕРИЯ
Основное заглавие серии Стивен Фрай представляет
300 ## - ОБЩИЕ ПРИМЕЧАНИЯ
Текст примечания Авт. также на англ. яз.: J. Lloyd, J. Mitchinson
510 0# - ПАРАЛЛЕЛЬНОЕ ЗАГЛАВИЕ
Связь между полями z20790
Параллельное заглавие The second book of general ignorance
Язык заглавия английский
606 1# - НАИМЕНОВАНИЕ ТЕМЫ КАК ПРЕДМЕТ
Наименование темы Научно-популярная литература
Системный номер авторитетной/нормативной записи 1713164
Идентификатор авторитетной/нормативной записи RU\NLR\auth\66763730
686 ## - ИНДЕКСЫ ДРУГИХ КЛАССИФИКАЦИЙ
Индекс Я9
700 #1 - ИМЯ ЛИЦА - ПЕРВИЧНАЯ ОТВЕТСТВЕННОСТЬ
Код отношения Автор
Материалы, к которым относится поле rus
Графика поля Кириллица
Начальный элемент ввода Ллойд
Часть имени, кроме начального элемента ввода Д.
Даты 1951-
Расширение инициалов личного имени Джон
Идентификатор авторитетной/нормативной записи RU\NLR\auth\7780843
Системный номер авторитетной/нормативной записи 63771
701 #1 - ИМЯ ЛИЦА - АЛЬТЕРНАТИВНАЯ ОТВЕТСТВЕННОСТЬ
Код отношения Автор
Материалы, к которым относится поле rus
Графика поля Кириллица
Начальный элемент ввода Митчинсон
Часть имени, кроме начального элемента ввода Д.
Даты 1963-
Расширение инициалов личного имени Джон
Идентификатор авторитетной/нормативной записи RU\NLR\auth\7780875
Системный номер авторитетной/нормативной записи 63803
790 #1 - ИМЯ ЛИЦА - АЛЬТЕРНАТИВНАЯ ФОРМА
Код отношения Автор
Материалы, к которым относится поле eng
Графика поля Латинская
Начальный элемент ввода Lloyd
Часть имени, кроме начального элемента ввода J.
Даты 1951-
Расширение инициалов личного имени John
Идентификатор авторитетной/нормативной записи RU\NLR\auth\7780844
Системный номер авторитетной/нормативной записи 63772
790 #1 - ИМЯ ЛИЦА - АЛЬТЕРНАТИВНАЯ ФОРМА
Код отношения Автор
Материалы, к которым относится поле eng
Графика поля Латинская
Начальный элемент ввода Mitchinson
Часть имени, кроме начального элемента ввода J.
Даты 1963-
Расширение инициалов личного имени John
Идентификатор авторитетной/нормативной записи RU\NLR\auth\7780877
Системный номер авторитетной/нормативной записи 63805
801 #0 - ИСТОЧНИК ЗАПИСИ
Страна Российская Федерация
Организация NLR
Дата составления 20120625
Правила каталогизации RCR
801 #1 - ИСТОЧНИК ЗАПИСИ
Страна Российская Федерация
Организация NLR
Дата составления 20120625
942 ## - ДОПОЛНИТЕЛЬНЫЕ ЭЛЕМЕНТЫ ЗАПИСИ (АБИС)
Тип экземпляра АБИС Книга
980 ## - КОЛЛЕКЦИЯ
Название коллекции НБР

Нет доступных экземпляров.